Ronald Koeman's FC Barcelona - Statistics

General Stats
  • This quiz has been taken 29 times
  • The average score is 28 of 36
Answer Stats
Rank Player Position Nationality Matches Goals Assists % Correct
2 Frenkie de Jong Central Midfield 62 7 10
100%
3 Jordi Alba Left-Back 57 5 17
100%
10 Lionel Messi Right Winger 47 38 16
100%
6 Marc-André ter Stegen Goalkeeper 53 0 0
100%
7 Sergiño Dest Right-Back 53 3 4
100%
1 Sergio Busquets Defensive Midfield 63 0 5
100%
28 Luuk de Jong Centre-Forward 9 1 0
96%
4 Pedri Central Midfield 56 4 6
96%
23 Samuel Umtiti Centre-Back 16 0 0
96%
5 Antoine Griezmann Centre-Forward 54 20 14
92%
8 Clément Lenglet Centre-Back 53 1 0
92%
11 Martin Braithwaite Centre-Forward 45 9 6
92%
17 Miralem Pjanić Central Midfield 30 0 0
92%
24 Neto Goalkeeper 14 0 0
92%
12 Ousmane Dembélé Right Winger 44 11 5
92%
13 Ronald Araujo Centre-Back 42 3 1
92%
20 Junior Firpo Left-Back 18 1 1
88%
26 Gavi Central Midfield 11 0 1
84%
25 Memphis Depay Centre-Forward 13 4 3
84%
14 Francisco Trincão Right Winger 42 3 2
76%
15 Gerard Piqué Centre-Back 35 4 0
76%
16 Sergi Roberto Central Midfield 32 3 3
76%
19 Philippe Coutinho Attacking Midfield 24 4 2
72%
35 Alejandro Balde Left-Back 2 0 0
68%
9 Óscar Mingueza Right-Back 49 2 3
68%
30 Yusuf Demir Right Winger 6 0 0
68%
22 Ansu Fati Left Winger 16 7 5
64%
21 Ilaix Moriba Central Midfield 18 1 3
64%
32 Sergio Agüero Centre-Forward 4 1 0
56%
27 Eric García Centre-Back 9 0 0
52%
34 Konrad de la Fuente Left Winger 3 0 0
52%
18 Riqui Puig Central Midfield 28 1 0
48%
31 Carles Aleñá Central Midfield 5 0 0
40%
33 Emerson Royal Right-Back 3 0 0
40%
29 Nico González Central Midfield 8 0 0
36%
36 Matheus Fernandes Defensive Midfield 1 0 0
20%
No matching quizzes found
Score Distribution
Percent of People with Each Score
Percentile by Number Answered
Your Score History
You have not taken this quiz